| 000 | 02746cam a22004694i 4500 | ||
|---|---|---|---|
| 003 | PE-LiUPU | ||
| 005 | 20250731165420.0 | ||
| 008 | 151217s2012 pe a grm 000 0 spa d | ||
| 035 | _a(Sirsi) a155566 | ||
| 040 |
_aPE-LiUPU _bspa _cPE-LiUPU _erda |
||
| 082 | 0 | 4 |
_a658.402 _bI38 T3 |
| 099 |
_aTA 3 _bI38 2012 |
||
| 100 | 1 |
_aIldefonso Yalico, Carmen Nelly _eautor |
|
| 245 | 1 |
_aRelación entre el clima organizacional y el compromiso que poseen los trabajadores administrativos con la Universidad Nacional Daniel Alcides Carrión / _cCarmen Nelly Ildefonso Yalico. |
|
| 264 | 0 | _c2012. | |
| 300 |
_a161 hojas : _bilustraciones; _c30 cm |
||
| 336 |
_atext _2rdacontent |
||
| 337 |
_aunmediated _2rdamedia |
||
| 338 |
_avolume _2rdacarrier |
||
| 502 |
_aTesis _b(Mg.) -- _cUniversidad Peruana Unión, _d2012. |
||
| 504 | _aIncluye referencias | ||
| 520 | 3 | _aEl propósito de este estudio es conocer la relación entre el Clima organizacional y el compromiso que poseen los trabajadores administrativos con su institución. La muestra del trabajo está compuesta por 98 servidores de la Universidad Nacional Daniel Alcides Carrión. Para evaluar el Clima Organizacional y Compromiso Organizacional se aplicaron los cuestionarios de Litwin y Stringer (1968) y Meyer y Allen (1991) respectivamente. El análisis del clima organizacional muestra que la mayoría de los trabajadores administrativos perciben un clima organizacional bajo, y en sus dimensiones estructura, responsabilidad, riesgo e identidad mostrando un clima con tendencia a promedio, es importante considerar que las dimensiones recompensa, calor, desempeño, apoyo y conflicto un clima con tendencia de promedio de bajo. La mayoría de los trabajadores indican un compromiso organizacional promedio, en las dimensiones afectivas y de continuidad la mayoría compromiso de tendencia de promedio abajo, en la dimensión compromiso normativo tendencia promedio. El análisis de correlación arrojó que las variables clima y compromiso no se correlacionan significativamente, excepto en la dimensión identidad. | |
| 526 | _aSEG44 | ||
| 526 | _aSEG26 | ||
| 526 | _aP151 | ||
| 526 | _aP150 | ||
| 526 | _aP149 | ||
| 526 | _aP146 | ||
| 526 | _aP145 | ||
| 526 | _aP126 | ||
| 526 | _aP125 | ||
| 526 | _aP92 | ||
| 526 | _aP75 | ||
| 526 | _aP74 | ||
| 526 | _aP27 | ||
| 526 | _aP15 | ||
| 650 | 0 | 4 |
_aCondiciones de trabajo _xCompromiso organizacional _vTesis. |
| 610 | 0 | 4 |
_aUniversidad Nacional Daniel Alcides Carrión _xCompromiso organizacional _vTesis. |
| 596 | _a1 | ||
| 942 |
_2ddc _cTESIS |
||
| 999 |
_aTA 3 I38 2012 _wALPHANUM _c8242 _iT01332 _d8242 _lCCODEBUL3 _mBUL _q1 _r1 _sY _tTESIS _u2015-12-17 _xPOSGRADO _PP47 _o.STAFF. Tesis |
||
| 980 |
_81 _gALBERTO SANCHEZ Responsable de Automatización |
||